000 00278nam a22001217a 4500
008 170713b xxu||||| |||| 00| 0 eng d
041 _aeng
080 _a101
100 _a24
101 _afil
245 _aPHILANTHROPY AND CULTURAL IMPERIALISM
_cARNOVE, R.F
942 _2udc
_cBK
999 _c20606
_d20606